One of a Kind: Miscellaneous Quiz Stats

 Plays Quiz Updated May 21, 2019

Score 0/26 Timer 01:30
4 Plays Today
Item % Correct
Friday
99.6%
Monday
99.3%
Wednesday
98.7%
December
98.4%
November
98%
October
97.9%
February
97.4%
September
97.3%
Jupiter
96.7%
Earth
96.5%
Saturn
96%
Neptune
95.7%
Venus
95.4%
Item % Correct
Uranus
95.3%
One
83.8%
Nine
83.7%
Eight
82.1%
Zero
81.3%
Taurus
81%
Gemini
78%
Uranium
76.2%
Virgo
74.3%
Pisces
69.6%
Xenon
67.8%
Krypton
57.9%
Vanadium
27%

You're not logged in!

Compare scores with friends on all Sporcle quizzes.
OR
Log In

Sporcle TV

Today on Sporcle TV


Watch our educational content, quiz creation guides, and fun videos on Sporcle TV.

Show Comments

Extras

Top Quizzes Today


Score Distribution

Your Account Isn't Verified!

In order to create a playlist on Sporcle, you need to verify the email address you used during registration. Go to your Sporcle Settings to finish the process.

Report this User

Report this user for behavior that violates our Community Guidelines.

Details: